| 000 | 00554nam a2200205 a 4500 | ||
|---|---|---|---|
| 005 | 20140311163017.0 | ||
| 008 | 070222s19uu xx 00 eng d | ||
| 020 | _a184448050 | ||
| 050 |
_aND 1500 _b.H318 2005 |
||
| 100 | _aHarrison, Terry | ||
| 245 |
_aWatercolour trees / _cTerry Harrison |
||
| 260 |
_aGreat Britain : _bSearch Press Limited, _c2005. |
||
| 300 |
_a48 p. : _bill. col. ; _c27 cm. |
||
| 521 | _aMA | ||
| 650 | _aPlants in art. | ||
| 650 | _aTrees in art. | ||
| 650 | _aFlowers in art. | ||
| 942 |
_cBK _2lcc _kFOR |
||
| 999 |
_c39432 _d39432 |
||